Короче, Пушкин (Запись № 13555855)

Подробности
000 -МАРКЕР
контрольное поле 01931nam0a2200409 4500
001 - ИДЕНТИФИКАТОР ЗАПИСИ
контрольное поле RU\NLR\BIBL_A\022676266
005 - ИДЕНТИФИКАТОР ВЕРСИИ
контрольное поле 20260306152218.0
010 ## - МЕЖДУНАРОДНЫЙ СТАНДАРТНЫЙ НОМЕР КНИГИ (ISBN)
Номер (ISBN) 978-5-17-179612-9
Тираж 2000
021 ## - НОМЕР ГОСУДАРСТВЕННОЙ РЕГИСТРАЦИИ
Код страны Российская Федерация
Номер КН-П-25-062648
Номер Листа государственной регистраци КН-П-25-6056
035 ## - ДРУГИЕ СИСТЕМНЫЕ НОМЕРА
Идентификатор записи (NLR Aleph) 022676266
100 ## - ДАННЫЕ ОБЩЕЙ ОБРАБОТКИ
Данные общей обработки 20251201d2025 u y0rusy50 ca
101 0# - ЯЗЫК РЕСУРСА
Язык текста, звукозаписи и т.д. русский
102 ## - СТРАНА ПУБЛИКАЦИИ ИЛИ ПРОИЗВОДСТВА
Страна публикации Российская Федерация
105 ## - ПОЛЕ КОДИРОВАННЫХ ДАННЫХ: ТЕКСТОВЫЕ МАТЕРИАЛЫ, МОНОГРАФИЧЕСКИЕ
Кодированные данные о монографическом текстовом документе y z 000yb
181 #0 - ПОЛЕ КОДИРОВАННЫХ ДАННЫХ: ВИД СОДЕРЖАНИЯ
Код вида содержания (ISBD) i4
Код характеристики содержания (ISBD) axxe
182 #0 - ПОЛЕ КОДИРОВАННЫХ ДАННЫХ: ТИП СРЕДСТВА
Код типа средства (ISBD) n - непосредственное
200 1# - ЗАГЛАВИЕ И СВЕДЕНИЯ ОБ ОТВЕТСТВЕННОСТИ
Основное заглавие Короче, Пушкин
Первые сведения об ответственности Александр Архангельский
Последующие сведения об ответственности автор идеи: Майя Кучерская
203 ## - ВИД СОДЕРЖАНИЯ И ТИП СРЕДСТВА
Вид содержания Текст
Дополнительные сведения об издании визуальный
Тип средства непосредственный
210 ## - ПУБЛИКАЦИЯ, РАСПРОСТРАНЕНИЕ И ДР.
Место издания, распространения и т.д. Москва
Имя издателя, распространителя и т. д. АСТ, Редакция Елены Шубиной
Дата издания, распространения и т.д. 2025
215 ## - ФИЗИЧЕСКАЯ ХАРАКТЕРИСТИКА
Специфическое обозначение материала и объем 345, [1] с.
Размеры 19
225 1# - СЕРИЯ
Основное заглавие серии Серия "Жизнь известных людей"
Сведения, относящиеся к заглавию ЖИЛ
300 ## - ОБЩИЕ ПРИМЕЧАНИЯ
Текст примечания На обл. и корешке также: Александр Пушкин
320 ## - ПРИМЕЧАНИЯ О НАЛИЧИИ В ДОКУМЕНТЕ БИБЛИОГРАФИИ / УКАЗАТЕЛЯ
Текст примечания Библиогр.: с. 341-346
333 ## - ПРИМЕЧАНИЯ ОБ ОСОБЕННОСТЯХ РАСПРОСТРАНЕНИЯ И ИСПОЛЬЗОВАНИЯ
Текст примечания 18+
600 #1 - ИМЯ ЛИЦА КАК ПРЕДМЕТ
Начальный элемент ввода Пушкин
Часть имени, кроме начального элемента ввода А. С.
Даты 1799 - 1837
Расширение инициалов личного имени Александр Сергеевич
Тематический подзаголовок Биография
Системный номер авторитетной/нормативной записи 2086022
Идентификатор авторитетной/нормативной записи RU\NLR\AUTH\661262149
686 2# - ИНДЕКСЫ ДРУГИХ КЛАССИФИКАЦИЙ
Индекс Ш5(2=Р)51-4Пушкин2
700 #1 - ИМЯ ЛИЦА - ПЕРВИЧНАЯ ОТВЕТСТВЕННОСТЬ
Графика поля Кириллица
Материалы, к которым относится поле rus
Начальный элемент ввода Архангельский
Часть имени, кроме начального элемента ввода А. Н.
Дополнения к именам, кроме дат канд. филол. наук, писатель
Даты 1962-
Расширение инициалов личного имени Александр Николаевич
Системный номер авторитетной/нормативной записи 11767
Идентификатор авторитетной/нормативной записи RU\NLR\AUTH\7728736
702 #1 - ИМЯ ЛИЦА - ВТОРИЧНАЯ ОТВЕТСТВЕННОСТЬ
Код отношения Объект посвящения
Графика поля Кириллица
Материалы, к которым относится поле rus
Начальный элемент ввода Пушкин
Часть имени, кроме начального элемента ввода А. С.
Дополнения к именам, кроме дат поэт
Даты 1799-1837
Расширение инициалов личного имени Александр Сергеевич
Системный номер авторитетной/нормативной записи 110441
Идентификатор авторитетной/нормативной записи RU\NLR\AUTH\77386
702 #1 - ИМЯ ЛИЦА - ВТОРИЧНАЯ ОТВЕТСТВЕННОСТЬ
Код отношения Автор идеи, слогана
Графика поля Кириллица
Материалы, к которым относится поле rus
Начальный элемент ввода Кучерская
Часть имени, кроме начального элемента ввода М. А.
Даты 1970-
Расширение инициалов личного имени Майя Александровна
Системный номер авторитетной/нормативной записи 117168
Идентификатор авторитетной/нормативной записи RU\NLR\AUTH\777229
942 ## - ДОПОЛНИТЕЛЬНЫЕ ЭЛЕМЕНТЫ ЗАПИСИ (АБИС)
Тип экземпляра АБИС Книга
980 ## - КОЛЛЕКЦИЯ
Название коллекции Иноагенты
980 ## - КОЛЛЕКЦИЯ
Название коллекции Национальная библиография
996 ## - Примечание о цензурировании
Иноагент/Метка
Код типа метки иноагент-персона
ФИО / наименование полностью (как указано в Росреестре) Архангельский Александр Николаевич

Нет доступных экземпляров.